Book by Page 61 Excerpt Quiz Stats

 Plays Quiz Updated Apr 22, 2013

Challenge
Share
Tweet
Embed
Score 0/40 Timer 15:00
8 Plays Today
% Correct
A Christmas Carol
92.9%
Romeo and Juliet
90.7%
To Kill a Mockingbird
86.9%
Alice's Adventures in Wonderland
79.8%
Wuthering Heights
77.7%
The Da Vinci Code
70.8%
Lord of the Flies
69.8%
The Kite Runner
69.7%
The Adventures of Huckleberry Finn
67.9%
Crime and Punishment
66.4%
Othello
66.2%
The Iliad
65.2%
Hamlet
64.5%
Of Mice and Men
64.2%
Animal Farm
63.4%
The Great Gatsby
62.4%
Nineteen Eighty-Four
58.7%
The Scarlet Letter
58%
Life of Pi
56.7%
The Grapes of Wrath
56.4%
% Correct
A Study in Scarlet
54.9%
Oedipus Rex
53.6%
The Merchant of Venice
53.3%
Moby-Dick
52.7%
The Crucible
51%
Cyrano de Bergerac
49.3%
The Odyssey
48.9%
The Catcher in the Rye
48.8%
The Hunchback of Notre Dame
48.6%
Watership Down
47.7%
The Time Machine
46%
The Island of Doctor Moreau
45.3%
The Miracle Worker
44.6%
A Doll's House
43.9%
Brave New World
39.4%
Mrs. Dalloway
38.4%
Tess of the D'Urbervilles
38%
Jane Eyre
37.8%
The Fountainhead
34.2%
Candide
31.2%

You're not logged in!

Compare scores with friends on all Sporcle quizzes.
OR
Log In

You Might Also Like...

Show Comments

Extras

Top Quizzes Today


Score Distribution

Your Account Isn't Verified!

In order to create a playlist on Sporcle, you need to verify the email address you used during registration. Go to your Sporcle Settings to finish the process.

Report this User

Report this user for behavior that violates our Community Guidelines.

Details: